<?xml version="1.0" encoding="UTF-8"?><?xml-stylesheet type="text/xsl" href="static/style.xsl"?><OAI-PMH xmlns="http://www.openarchives.org/OAI/2.0/" xmlns:xsi="http://www.w3.org/2001/XMLSchema-instance" xsi:schemaLocation="http://www.openarchives.org/OAI/2.0/ http://www.openarchives.org/OAI/2.0/OAI-PMH.xsd"><responseDate>2026-04-14T05:52:49Z</responseDate><request verb="GetRecord" identifier="oai:www.recercat.cat:10230/71017" metadataPrefix="marc">https://recercat.cat/oai/request</request><GetRecord><record><header><identifier>oai:recercat.cat:10230/71017</identifier><datestamp>2025-07-31T09:46:32Z</datestamp><setSpec>com_2072_6</setSpec><setSpec>col_2072_452952</setSpec></header><metadata><record xmlns="http://www.loc.gov/MARC21/slim" xmlns:dcterms="http://purl.org/dc/terms/" xmlns:xsi="http://www.w3.org/2001/XMLSchema-instance" xmlns:doc="http://www.lyncode.com/xoai" xsi:schemaLocation="http://www.loc.gov/MARC21/slim http://www.loc.gov/standards/marcxml/schema/MARC21slim.xsd">
   <leader>00925njm 22002777a 4500</leader>
   <datafield ind2=" " ind1=" " tag="042">
      <subfield code="a">dc</subfield>
   </datafield>
   <datafield ind2=" " ind1=" " tag="720">
      <subfield code="a">Yu, Zhebin</subfield>
      <subfield code="e">author</subfield>
   </datafield>
   <datafield ind2=" " ind1=" " tag="720">
      <subfield code="a">Dadvand, Payam</subfield>
      <subfield code="e">author</subfield>
   </datafield>
   <datafield ind2=" " ind1=" " tag="720">
      <subfield code="a">Tonne, Cathryn</subfield>
      <subfield code="e">author</subfield>
   </datafield>
   <datafield ind2=" " ind1=" " tag="720">
      <subfield code="a">EXPANSE Project Team</subfield>
      <subfield code="e">author</subfield>
   </datafield>
   <datafield ind2=" " ind1=" " tag="260">
      <subfield code="c">2025-07-29T06:41:30Z</subfield>
   </datafield>
   <datafield ind2=" " ind1=" " tag="260">
      <subfield code="c">2025-07-29T06:41:30Z</subfield>
   </datafield>
   <datafield ind2=" " ind1=" " tag="260">
      <subfield code="c">2025</subfield>
   </datafield>
   <datafield ind2=" " ind1=" " tag="520">
      <subfield code="a">Background: The joint impact of exposure to multiple urban environmental factors on asthma remains unclear. Methods: We analysed data from 14 European cohorts to assess the impact of the urban exposome on asthma incidence across the life course. We linked three external exposome domains (air pollution, built environment, ambient temperature) to the participants’ home addresses at baseline. We performed k-means clustering within each domain and assessed associations of clusters with asthma adjusting for potentially relevant covariates in cohort-specific analyses, with subsequent separate meta-analyses for birth and adult cohorts. An environmental risk score using a coefficient-weighted sum approach was used to assess the impact of combining the three domains. Findings: A total of 7428 incident asthma cases were identified among 349,037 participants (from birth up to age 70+). Overall, we observed higher risks of asthma for clusters characterized by high particulate matter and nitrogen dioxide exposure in adults (ORmeta = 1.13, 95%CI:1.01–1.25), and clusters characterized by high built-up area and low levels of greenness in both children and adults (ORmeta = 1.36, 95%CI: 1.14–1.64 for birth cohorts and ORmeta = 1.15, 95%CI: 1.03–1.28 for adult cohorts, respectively). The joint exposure using the environment risk score combining the three domains was consistently associated with higher risks of incident asthma (ORmeta = 1.13, 95%CI: 1.07–1.20 for birth cohorts, ORmeta = 1.15, 95%CI: 1.10–1.20 for adult cohorts per 20% increase). On average 11.6% of the incident asthma cases could be attributed to environmental risk score above cohort-specific median levels. Interpretation: Multiple environmental exposures jointly contribute to incident asthma risk across the life course. Urban planning accounting for these factors may help mitigate asthma development. Funding: This study was funded by the European Union’s Horizon 2020 research and innovation program under agreement No 874627 (EXPANSE).</subfield>
   </datafield>
   <datafield ind2=" " ind1=" " tag="520">
      <subfield code="a">This study was funded by the European Union’s Horizon 2020 research and innovation program under agreement No 874627 (EXPANSE) and No 857560 (CETOCOEN Excellence). ZY is funded by the Swedish Research Council (VR No. 2024-02345) and Swedish Research Council for Health, Working life and Welfare (Forte No. 2023-01213). AS has received funding from the Swiss National Science Foundation (grant number 210781). MS received funding from the European Research Council (ERC) under the European Union’s Horizon 2020 research and innovation programme (grant agreement No. 949906). PD and CT acknowledge support from the grant CEX2023-0001290-S funded by MCIN/AEI/10.13039/501100011033, and support from the Generalitat de Catalunya through the CERCA Program. Cohort-specific fundings are presented in the Supplementary materials. Authors thank the RECETOX Research Infrastructure (No LM2023069) financed by the Ministry of Education, Youth and Sports for supportive background. EM reports grants from Swedish Research Council (2024-03164), The Swedish Heart-Lung Foundation and Region Stockholm (ALF).</subfield>
   </datafield>
   <datafield ind1="8" ind2=" " tag="024">
      <subfield code="a">http://hdl.handle.net/10230/71017</subfield>
   </datafield>
   <datafield tag="653" ind2=" " ind1=" ">
      <subfield code="a">Exposome</subfield>
   </datafield>
   <datafield tag="653" ind2=" " ind1=" ">
      <subfield code="a">Asthma</subfield>
   </datafield>
   <datafield tag="653" ind2=" " ind1=" ">
      <subfield code="a">Life course</subfield>
   </datafield>
   <datafield tag="653" ind2=" " ind1=" ">
      <subfield code="a">Cohort</subfield>
   </datafield>
   <datafield ind2="0" ind1="0" tag="245">
      <subfield code="a">External exposome and incident asthma across the life course in 14 European cohorts: a prospective analysis within the EXPANSE project</subfield>
   </datafield>
</record></metadata></record></GetRecord></OAI-PMH>